00722nam a2200253 a 45000010010000000030011000100080041000210200015000620350026000770920015001031000020001182450033001382500018001712600051001893000017002405000017002576500018002748560030002929420012003229520091003349900006004259980020004319990017004510001-1139ELIB.Books150505 2010 eng  a0664219306 a(ELIB.Books)0001-1294 a225.9bBec aBecker, Jurgen. aPaul Apostle To The Gentiles aFirst Edition aLouisvillebWestminster/ John Knox Pressc1993 a513c23.5 Cm aC/o Moe Lwei aNew Testament nKBTS: LibraryuKBTS: Elib 2ddccBK 00102ddc4070aKBTSbKBTSd2015-05-05l0p15383r2022-01-22 00:00:00w2022-01-22yBK a1 cbate2015-05-05 c11139d11139